000 00720nas a2200253 4500
001 BR9202563
003 BR-BrBNA
005 20231205092520.0
007 ta
008 230509b bl.|||p| |||| 00| 00por d
040 _aBR-BrBNA
_bpor
_cBiblioteca Nacional de Agricultura
041 _a(Pt)
072 _aN10; N01
100 1 _aCavalcante, A.L.
245 1 _aNova tecnica barateia construcao de benfeiturias
650 _aSILO
650 _aCANAL
650 _aIRRIGACAO
650 _aRESERVATORIO DE AGUA
650 _aINSTALACAO AGRICOLA
773 0 _tManchete Rural (Brazil)
_xISSN 0102-8901
_g(May 1990), v. 4(38) p. 10-12
_wBR9202563
909 _a202311
_bLúcia
_c55
_dLúcia Elande
942 _2AGRIS
_n0
_cANA
999 _c132266
_d132266